| 000 | 00497nam a2200145Ia 4500 | ||
|---|---|---|---|
| 008 | 140724s9999 xx 000 0 und d | ||
| 050 |
_aQA 76.5 _b.Ut89 2011 |
||
| 100 | _aUtanes, Mavric Jean M. | ||
| 245 |
_aOnline reservation system of Blue Villa Beach Resort / _cMavric Jean M. Utanes. |
||
| 260 |
_aLas PiƱas, Philippines : _bSouthville International School and Colleges, _cc2011. |
||
| 300 |
_a44 p. : _bill. ; _c28 cm. |
||
| 521 | _aInformation Technology | ||
| 942 | _cTH | ||
| 999 |
_c228736 _d228736 |
||